Valtioita rajattujen satelliittikuvien mukaan #2 - Statistics

Yleistilastot
  • Tätä visaa on pelattu 291 kertaa
  • Keskiarvotulos 10 / 15
Vastaustilastot
Kuvavisa Vastaus % Oikein
Yhdysvallat
92%
Tanska
91%
Japani
90%
Marokko
86%
Meksiko
84%
Uusi-Seelanti
83%
Brasilia
77%
Yhdistynyt kuningaskunta
71%
Ruotsi
64%
Espanja
60%
Sri Lanka
58%
Venezuela
43%
Papua-Uusi-Guinea
42%
Etelä-Afrikka
30%
Vietnam
24%
Ehtoja vastaavia visoja ei löytynyt
Tulosjakauma
Jokaisen tuloksen saaneiden osuus
Persentiili vastausten määrän mukaan
Tuloshistoriasi
Et ole pelannut tätä visaa